| 000 | 01198cam a22002891i 4500 | ||
|---|---|---|---|
| 003 | SA-RiAUC | ||
| 005 | 20251004162509.0 | ||
| 008 | 250929s1971 le g b 00010cara c | ||
| 040 |
_aKAPL _bara _cSA-RiAUC _erda |
||
| 082 | 0 | 4 |
_a922.583 _qSA-RiAUC |
| 090 |
_a922.583 _bم ص ن |
||
| 100 | 1 |
_aالمصنف، أبو بكر بن هداية الله المريواني، _dتوفي 1014 هجري _eمؤلف. |
|
| 245 | 1 | 0 |
_aطبقات الشافعية / _cأبو بكر بن هداية الله الحسيني ؛ حققه وعلق عليه عادل نويهض. |
| 250 | _aالطبعة الأولى. | ||
| 264 | 1 |
_aبيروت : _bدار الآفاق الجديدة، _c1971. |
|
| 300 |
_a287 صفحة ؛ _c24 سم |
||
| 336 |
_aنص _btxt _2rdacontent _3كتاب |
||
| 337 |
_aبدون وسيط _bn _2rdamedia |
||
| 338 |
_aمجلد _bnc _2rdacarrier |
||
| 504 | _aببليوجرافية : صفحة 279-284. | ||
| 650 | 7 |
_aالفقهاء الشافعية _vتراجم _2aucsh |
|
| 650 | 7 |
_aالإسلام _vتراجم _2aucsh |
|
| 650 | 7 |
_aالفقهاء _vتراجم. _2aucsh |
|
| 700 | 1 |
_aنويهض، عادل _eمحقق. |
|
| 942 |
_2ddc _cBOOK _n0 |
||
| 949 |
_aSA-JeALM _d250929 _umohamedma123 _n1 |
||
| 999 |
_c12362 _d12362 |
||